Every Song by Audioslave - Statistics

General Stats
  • This quiz has been taken 59 times
    7 since last reset
  • The average score is 18 of 40
Answer Stats
Album Song % Correct
Audioslave(2002) Cochise
100%
Audioslave(2002) Like a Stone
100%
Revelations(2006) Revelations
100%
Audioslave(2002) I Am the Highway
75%
Out of Exile(2005) Out of Exile
75%
Audioslave(B-Side)(2002) We Got the Whip
75%
Out of Exile(2005) #1 Zero
50%
Out of Exile(2005) Be Yourself
50%
Out of Exile(2005) Dandelion
50%
Audioslave(2002) Exploder
50%
Audioslave(2002) Gasoline
50%
Audioslave(2002) Getaway Car
50%
Audioslave(2002) Hypnotize
50%
Revelations(2006) Jewel of the Summertime
50%
Audioslave(2002) Light My Way
50%
Revelations(2006) Moth
50%
Revelations(2006) One and the Same
50%
Audioslave(2002) Set It Off
50%
Audioslave(2002) Show Me How to Live
50%
Out of Exile(2005) The Curse
50%
Out of Exile(2005) The Worm
50%
Audioslave(2002) What You Are
50%
Revelations(2006) Wide Awake
50%
Out of Exile(2005) Yesterday to Tomorrow
50%
Audioslave(2002) Bring Em Back Alive
25%
Revelations(2006) Broken City
25%
Out of Exile(2005) Doesn't Remind Me
25%
Out of Exile(2005) Drown Me Slowly
25%
Non-Album(2003) Give
25%
Out of Exile(2005) Heaven's Dead
25%
Out of Exile(2005) Man or Animal
25%
Revelations(2006) Nothing Left to Say but Goodbye
25%
Revelations(2006) Original Fire
25%
Audioslave(2002) Shadow on the Sun
25%
Revelations(2006) Shape of Things to Come
25%
Revelations(2006) Somedays
25%
Revelations(2006) Sound of a Gun
25%
Audioslave(2002) The Last Remaining Light
25%
Revelations(2006) Until We Fall
25%
Out of Exile(2005) Your Time Has Come
25%
No matching quizzes found
Score Distribution
Percent of People with Each Score
Percentile by Number Answered
Your Score History
You have not taken this quiz since the last reset